[Event "Moscow Aeroflot op-B"]
[Site "Moscow"]
[Date "2005.02.23"]
[Round "9"]
[White "Krivoshey, Sergei"]
[Black "Dyachkov, Sergej"]
[Result "1/2-1/2"]
[WhiteElo "2487"]
[BlackElo "2549"]
[PlyCount "100"]
[EventDate "2005.02.15"]
[EventType "swiss"]
[EventRounds "9"]
[EventCountry "RUS"]
[SourceTitle "EXT 2006"]
[Source "ChessBase"]
[SourceDate "2005.11.24"]
[SourceVersion "1"]
[SourceVersionDate "2005.11.24"]
[SourceQuality "1"]

1. Nf3 Nf6 2. c4 g6 3. Nc3 Bg7 4. e4 d6 5. d4 0-0 6. Be2 e5 7. 0-0 Na6 8. Be3 Ng4 9. Bg5 Qe8 10. dxe5 dxe5 11. Nd2 f6 12. Bh4 h5 13. a3 Nc5 14. Nd5 Ne6 15. f3 Nh6 16. b4 c6 17. Ne3 Nf7 18. c5 Bh6 19. Ndc4 Qe7 20. Qc2 b5 21. cxb6 axb6 22. Bf2 Nd4 23. Qb2 Ba6 24. Bd3 Rad8 25. Rfd1 Qe6 26. Bf1 Ng5 27. Kh1 Rb8 28. a4 Bg7 29. b5 cxb5 30. Na3 Kh7 31. Nxb5 Bxb5 32. axb5 f5 33. Bc4 Qd7 34. Bh4 Nge6 35. Bxe6 Qxe6 36. Ra7 fxe4 37. fxe4 Ra8 38. Rxa8 Rxa8 39. Bg3 Ra2 40. Qb4 Re2 41. Re1 Qa2 42. h3 Rxe1+ 43. Qxe1 Qb3 44. Nd5 Qxb5 45. Kh2 Qd3 46. Nxb6 Nc2 47. Qb1 Qxe4 48. Nd7 h4 49. Bxh4 Qc6 50. Qb3 Qxd7 1/2-1/2

[Event "RUS-chT Clubs sf"]
[Site "Cheliabinsk"]
[Date "2005.01.??"]
[Round "2"]
[White "Akhmadeev, Vadim"]
[Black "Dyachkov, Sergej"]
[Result "0-1"]
[WhiteElo "2417"]
[BlackElo "2549"]
[PlyCount "86"]
[EventDate "2005.01.??"]
[EventType "team"]
[EventRounds "9"]
[EventCountry "RUS"]
[SourceTitle "EXT 2006"]
[Source "ChessBase"]
[SourceDate "2005.11.24"]
[SourceVersion "1"]
[SourceVersionDate "2005.11.24"]
[SourceQuality "1"]

1. d4 Nf6 2. c4 g6 3. Nc3 Bg7 4. e4 d6 5. Be2 0-0 6. Nf3 e5 7. 0-0 Nc6 8. d5 Ne7 9. Ne1 Ne8 10. Nd3 f5 11. f3 f4 12. Bd2 h5 13. a4 g5 14. h3 Kh8 15. a5 Ng8 16. c5 Nh6 17. cxd6 cxd6 18. Nf2 Rg8 19. Ra3 Bf6 20. Qc2 g4 21. fxg4 Bh4 22. Ncd1 hxg4 23. hxg4 Bg3 24. Rxg3 fxg3 25. Bxh6 Qh4 26. Nh3 Qxh6 27. Qd3 Nf6 28. Rxf6 Qxf6 29. Qxg3 Qh6 30. Ndf2 Qh7 31. Kh2 Bd7 32. Qe3 Rac8 33. Bd1 Rc5 34. Qf3 Qh6 35. Qf7 Qg7 36. Qf3 Rf8 37. Qg3 Qh7 38. Bf3 Rc2 39. Nd1 Qh6 40. Kg1 Rg8 41. Kh2 Kg7 42. Qe1 Rh8 43. Ne3 Qxh3+ 0-1